[Event "ISR-chT"]
[Site "Israel"]
[Date "2001.04.27"]
[Round "8"]
[White "Tsesarsky, Ilya"]
[Black "Postny, Evgeny"]
[Result "1-0"]
[WhiteElo "2450"]
[BlackElo "2432"]
[Annotator "Tsesarsky,I"]
[PlyCount "67"]
[EventDate "2001.02.??"]
[EventType "team"]
[EventRounds "11"]
[EventCountry "ISR"]
[SourceTitle "CBM 082"]
[Source "ChessBase"]
[SourceDate "2001.05.17"]
[SourceVersion "1"]
[SourceVersionDate "2001.05.17"]
[SourceQuality "1"]

1. Nf3 g6 2. e4 Bg7 3. d4 c5 4. c3 cxd4 5. cxd4 d5 6. e5 Nc6 7. Nc3 Bg4 8. Be3
Bxf3 $2 $16 {It was not necessary to change B for Nf3 immediately.} (8... e6 9.
Bd3 (9. Nb5 Bf8 10. Be2 (10. a3 a6 11. Nc3 Nge7 12. Bd3 Bg7 13. O-O O-O 14. h3
Bxf3 15. Qxf3 b5 16. Qd1 Qb6 17. Bc2 Rfc8 18. f4 Na5 19. Rb1 Nc4 $15 {1-0
Podhraski,D-Pahor,M/Rogaska Slatina 1998/EXT 2000 (42)}) 10... a6 11. Nc3 Bg7
12. h3 Bxf3 13. Bxf3 f6 14. exf6 Qxf6 15. O-O (15. Ne2 Nge7 16. Qb3 O-O 17. O-O
Nf5 $132) 15... Nge7 16. Qb3 b5 17. a4 b4 18. Ne2 O-O 19. Rac1 Rac8 (19... Na5
20. Qxb4 Nc4 21. b3 $16 {1-0 Kokkila,T-Pitkanen,S/Espoo 1997/EXT 2000 (36)})
20. Qd3 $14) (9. Qd2 Bxf3 10. gxf3 Nge7 11. Bd3 O-O 12. f4 f6 13. O-O-O Rc8 14.
Kb1 Nb4 15. Be2 Nf5 16. h4 Qa5 17. h5 $14 {1-0 Antonio,R-Fernandes,A/Istanbul
2000/EXT 2001 (32)}) 9... Nge7 10. h3 (10. O-O O-O 11. h3 Bxf3 12. Qxf3 f6 13.
exf6 Bxf6 14. Qg4 Nf5 15. Rad1 Qd7 16. Bc2 Qg7 17. Bxf5 exf5 18. Qf3 Rad8 19.
Nxd5 Bxd4 $132 {1/2-1/2 Mahdi,K-Koenig,D/Austria 1994/TD (32)}) 10... Bxf3 11.
Qxf3 Nf5 12. Bxf5 gxf5 13. g4 Qb6 14. O-O-O Ne7 15. Kb1 $14) (8... Qd7 9. Be2
f6 10. exf6 Nxf6 11. O-O O-O 12. Rc1 e6 13. h3 Bxf3 14. Bxf3 $14 {0-1 Muhren,
B-Muhren,W/Helmondsee 2000/EXT 2001 (52)}) (8... Nh6 $5 9. Qb3 $5 (9. h3 Bxf3
10. Qxf3 Nf5 (10... e6 11. g4 (11. Bb5 Nf5 12. g4 Nxe3 13. Qxe3 O-O 14. Bxc6
bxc6 15. h4 Rb8 16. O-O-O Qb6 17. Qd2 Qb4 18. f4 $132 {1/2-1/2 Kriehuber,
M-Preusser,R/Pinneberg 1996/EXT 97 (42)}) 11... O-O 12. Qg3 Kh8 13. Be2 Rc8 14.
Rd1 Qb6 15. Rd2 Na5 16. h4 Nc4 17. Bxc4 Rxc4 18. h5 $16 {1-0 Belaska,P-Karlik,
J/CZE 1995/EXT 2000 (24)}) 11. Bb5 (11. O-O-O e6 12. g4 Nxe3 13. Qxe3 O-O 14.
h4 f6 15. f4 fxe5 16. fxe5 Qb6 17. h5 Nxe5 18. hxg6 hxg6 19. Qh3 Rf2 20. Bb5
Rc8 21. a4 a6 $17 {0-1 Norwood,D-Beaumont,C/England 1997/EXT 99 (40)}) 11...
O-O 12. Bxc6 bxc6 13. g4 Nxe3 14. Qxe3 Rb8 15. b3 f6 16. e6 f5 17. Ne2 f4 18.
Qf3 Qd6 19. g5 Qxe6 $19 {0-1 De Rooi,P-Jongsma,A/Amsterdam 1967/MCD (70)}) (9.
Be2 Nf5 (9... e6 10. O-O O-O 11. Nd2 Bxe2 12. Qxe2 Nf5 13. Nb3 $11 {1/2-1/2
Kinsic,O-Schrevens,B/Artek 1999/EXT 2000 (36)}) 10. h3 Bxf3 11. Bxf3 e6 12. O-O
O-O 13. Bg4 Nxe3 14. fxe3 Qg5 15. Qd3 h5 16. Be2 $11 {1-0 Hamdouchi,H-Al
Modiahki,M/Andorra 2000/CBM 76 ext (40)}) 9... Qd7 (9... O-O 10. Qxb7 Rc8 11.
Qb3 Nf5 12. Rd1 Bxf3 13. gxf3 e6 $14 {0-1 Sitanggang,S-Xie Jun/Beijing 1992/
CBM 33 (23)}) 10. Bb5 (10. Rd1 Bxf3 11. gxf3 Rd8 12. Bg2 O-O 13. O-O Kh8 14. f4
e6 15. Qa4 a6 16. b4 $132 {1/2-1/2 Rzeznik,L-Zaninotto,F/Koszalin 1999/EXT
2000 (28)}) (10. Na4 Bxf3 11. Nc5 Qc7 12. gxf3 Nf5 13. Rd1 O-O 14. Qxd5 Rad8
15. Qc4 Ncxd4 16. Rxd4 Nxd4 17. Bxd4 Bxe5 $15 {1/2-1/2 Przedmojski,R-Kengis,E/
Suwalki 1999/EXT 2000 (22)}) (10. Qxd5 Qxd5 11. Nxd5 O-O-O 12. Bc4 Be6 13. Bxh6
Bxh6 14. Ne3 Bxc4 15. Nxc4 Nxd4 $17) (10. Nxd5 Be6 11. Bc4 Na5 12. Qb5 Nxc4 13.
Nc7+ Kd8 14. Qxd7+ Kxd7 15. Nxa8 Rxa8 $17) 10... Bxf3 11. gxf3 e6 12. Bd3 O-O
13. h4 f6 14. f4 fxe5 15. fxe5 Nf5 16. Bxf5 Rxf5 17. Ne2 Rc8 18. f4 Ne7 19. Ng3
Rf7 20. h5 $14 {1-0 Smirin,I-Davies,N/Polanica Zdroj 1989/EXT 97 (40)}) 9. Qxf3
(9. gxf3 $2 e6 10. Qb3 Nge7 11. Bd3 O-O 12. f4 a6 13. Na4 Nf5 14. Bxf5 gxf5 15.
O-O-O Na5 $132 {1-0 Stepovaia Dianchenko,T-Radziewicz,I/Batumi 2000/CBM 76 ext
(38)}) 9... e6 ({Dubious is} 9... Qb6 10. Nxd5 Qxb2 11. Rc1 Rc8 12. Bc4 f5 (
12... e6 13. O-O exd5 14. Bxd5 Rc7 (14... f5 15. Rb1 Qc3 16. Rxb7 $16) 15. Rb1
Qc3 16. Rfc1 Nxd4 17. Qd1 Nc2 18. Rxb7 Bxe5 19. Bd2 $16) 13. O-O Nh6 14. Nf6+
Kf8 (14... exf6 15. exf6 Bxf6 16. Bxh6 $16 {[%csl Re8]}) 15. Qd5 $18 (15. Bb3
$16 {1-0 Rueberg,J-Brockmann,F/Recklinghausen 2000/EXT 2001 (20)})) 10. O-O-O
$1 a6 ({Or} 10... Rc8 11. Kb1 f6 12. Qh3 Qd7 13. f4 Nge7 14. g4 f5 15. g5 O-O
16. Qf3 $16 {[%cal Gh2h4,Gh4h5]}) 11. Kb1 b5 12. g4 $1 {[%cal Gf3g2,Gf2f4]
[%mdl 32] Here I prepared plan connected with g2-g4, Qf3-g2, f2-f4-f5!} h5 13.
h3 Qa5 {After the game Postny complained, this move is mistake} ({...and
recommended} 13... Na5 {instead} 14. Qg2 {[%cal Gf2f4,Gf1d3]} Nc4 15. Bc1 Rc8
16. f4 {[%cal Gf1d3] White fulfills the same plan, quite similar to the plan
in the game.} Ne7 17. Bd3 Qd7 18. f5 {and White keeps serious advantage:} exf5
19. gxf5 Nxf5 20. e6 $1 ({or} 20. Nxd5 Nxd4 21. Bxg6 fxg6 22. Qxg6+ Qf7 23.
Qxf7+ Kxf7 24. Rhf1+ Ke6 25. Rxd4 Bxe5 26. Nf4+ Bxf4 27. Rdxf4 $14) 20... fxe6
21. Qxg6+ Kf8 (21... Qf7 22. Bxf5 exf5 23. Rhe1+ Kf8 24. Qxa6 $16) 22. Rdf1 Kg8
(22... Na3+ 23. bxa3 Rxc3 24. Bxf5 exf5 25. Rxf5+ Kg8 26. Rhf1 $18) 23. Bxf5
exf5 24. Rxf5 Rc6 25. Qg5 Na3+ 26. bxa3 Rxc3 27. Re1 $16) 14. Qg2 ({
Interesting was also} 14. Rc1 $5 $16) 14... Rc8 ({Or} 14... b4 15. Ne2 hxg4 16.
hxg4 Rxh1 17. Qxh1 b3 18. a3 Rc8 19. Rc1 $16) 15. f4 Nge7 ({After the game we
checked another variations:} 15... hxg4 16. hxg4 Rxh1 17. Qxh1 b4 18. Ne2 b3
19. a3 (19. axb3 Nb4 $19) 19... Nb4 20. Qh7 Kf8 21. Bd2 $18) ({and} 15... b4
16. Ne2 b3 17. a3 Nb4 18. Bd2 Qc7 19. Nc3 Nc2 20. Bxa6 $16 {-White leaves with
advantage!}) 16. Rc1 Nb4 17. a3 Nbc6 18. Na2 Kd7 $6 $18 ({More stubborn was} 
18... Qb6 $1 {with very complicated game:} {I saw} 19. Rc5 $1 {during the game,
but I wasn't sure, that is the best move.} (19. Nb4 Nxb4 20. Rxc8+ Nxc8 21.
axb4 Ne7 22. Be2 hxg4 23. hxg4 Rxh1+ 24. Qxh1 Nc6 25. Qh7 Kf8 26. f5 gxf5 27.
gxf5 exf5 28. Bh6 (28. Qxf5 $132) 28... Bxh6 29. Qxh6+ $132) (19. Be2 hxg4 20.
hxg4 Rxh1 21. Qxh1 g5 22. f5 Bxe5 23. fxe6 fxe6 24. Bxg5 Qxd4 25. Nc3 Bg7 $15)
(19. Bd3 hxg4 20. hxg4 Rxh1 21. Qxh1 g5 22. Qh7 (22. Qh2 gxf4 23. Qxf4 Rc7 24.
Rf1 Ng6 25. Bxg6 fxg6 26. Qg5 Ne7 27. Rh1 a5 28. Rh7 Kf8 29. Rxg7 (29. Nc3 b4
30. Na4 Qc6 31. Nc5 bxa3 32. Rxg7 Kxg7 33. Qf6+ Kh7 34. Qf7+ $11) 29... Kxg7
30. Qf6+ Kh7 31. Qf7+ Kh8 32. Bg5 Ng8 33. Qxg6 Qxd4 34. Bf6+ Nxf6 35. Qxf6+ $11
) (22. f5 Bxe5 (22... Nxe5 23. Rxc8+ Nxc8 24. Qh7 Nxd3 25. Qxg7 Ne7 26. Bxg5
$16) 23. fxe6 fxe6 24. Qh5+ (24. Qh6 Kd7 $17) 24... Kd7 $17) 22... gxf4 23. Bg1
(23. Bxf4 Qxd4 $19) 23... Bf8 (23... Kf8 24. Qh2 f3 25. Qf4 Kg8 26. Rf1 Rf8 27.
Qxf3 $16 (27. Qh2 $16)) 24. Rf1 (24. Qh2 Nxd4 25. Rxc8+ Nxc8 26. Qf2 Nf3 27.
Qxb6 Nxb6 28. Bxb6 Nxe5 29. Kc2 $44) 24... b4 25. a4 (25. axb4 Nxb4 26. Nxb4
Qxb4 27. Bxa6 Rb8 28. Qc2 Qa5 29. Bd3 Ra8 $17) 25... b3 26. Nc3 Nb4 27. Rxf4
Nxd3 28. Qxd3 Ng6 29. Rf1 Bg7 30. Be3 $132) 19... Bf8 20. Bd3 $1 (20. b4 Ng8
21. Rc2 (21. Rc1 hxg4 22. hxg4 Rxh1 23. Qxh1 Nge7 24. Qg1 {[%cal Gf1d3,Gf4f5]}
(24. Bd3 g5) 24... a5 $132) 21... Nge7 22. Bd3 hxg4 23. hxg4 Rxh1+ 24. Qxh1 g5
25. Qf3 gxf4 26. Qxf4 a5 27. Rf2 Nd8 28. g5 $14 {[%cal Gg5g6]}) 20... hxg4 21.
hxg4 Rxh1+ 22. Qxh1 Bg7 (22... Nxd4 23. Rxc8+ Nxc8 24. Qg1 $18) (22... g5 23.
f5 $16) 23. f5 gxf5 24. gxf5 exf5 25. Qh7 Bf8 26. Bxf5 Nxf5 27. Qxf5 Rc7 28.
Nc3 (28. Rxd5 Ne7) 28... Bxc5 29. dxc5 Qb7 30. Nxd5 $16) 19. Bd3 Qb6 20. Qf2
Bf8 ({Black loses also in case of} 20... Na5 21. f5 gxf5 22. gxf5 exf5 23. Rhg1
(23. Bxf5+ Nxf5 24. Qxf5+ Qe6 25. Rhf1 Rxc1+ 26. Bxc1 Qxf5+ 27. Rxf5 Ke6 28.
Rg5 Bf8 29. Nc3 $14) 23... Bf8 24. Rxc8 Kxc8 25. Bxf5+ Nxf5 26. Qxf5+ Qe6 27.
Qf3 (27. Qc2+ Kb8) 27... Nc4 28. Nc3 Nxe3 29. Qxe3 f6 30. Qf3 fxe5 31. Nxd5
exd4 32. Rc1+ $18) 21. f5 gxf5 22. gxf5 Bh6 {Seems, Black putting pressure on
Pd4, but it is illusion. White wins by force:} 23. f6 $1 Nxe5 ({Or} 23... Ng8 {
[%csl Rg8,Rh8]} 24. Nb4 (24. Rc5 $6 Nxe5 $1 25. Nb4 Bxe3 26. Qxe3 Nxd3 27. Nxd3
$16) 24... Bxe3 (24... Nxe5 25. Nxd5 $1 Qb7 26. dxe5 Rxc1+ 27. Rxc1 Qxd5 28.
Qc2 $18) 25. Qxe3 Qxd4 (25... Nxb4 26. axb4 Rxc1+ 27. Rxc1 $18) 26. Qxd4 (26.
Nxd5 Qxe3 27. Nxe3 Rc7 (27... Nxe5 28. Bxb5+ $18 {[%cal Gh1d1]}) 28. Rhd1 Kc8
29. Rc5 Nh6 30. Rdc1 Kd7 31. a4 Rhc8 32. Rd1 $18 (32. axb5 Nxe5 33. Rxc7+ Rxc7
34. Rd1 $16)) 26... Nxd4 27. Nxa6 Nh6 28. Nc5+ Kd8 29. Nb7+ Kd7 30. Nd6 Rxc1+
31. Rxc1 Rb8 32. b4 $18) 24. fxe7 (24. Rxc8 $2 Nxc8 $17) 24... Nxd3 25. Rxc8 $1
{Only this strong intermediate move leads to win.} Rxc8 (25... Nxf2 26. Rxh8 {
and in view of e7-e8Q threat Black had to play} Kxe7 27. Bxf2 Bg7 28. Bh4+ $18)
26. Qxf7 Re8 27. Bxh6 Qxd4 28. Nc3 ({not} 28. Qg7 $2 Qe4 $1 {[%csl Rb1,Rh1]
[%cal Ge4b1,Ge4h1]} 29. Rh2 Rxe7 30. Qc3 $16) 28... Rxe7 29. Qxh5 b4 30. axb4
Qxb4 31. Qe2 Nc5 32. Bf8 Re8 33. Bxc5 Qxc5 34. Re1 1-0

[Event "Koszeg"]
[Site "Koszeg"]
[Date "1998.??.??"]
[Round "7"]
[White "Wells, Peter K"]
[Black "Paschall, William M"]
[Result "1-0"]
[WhiteElo "2530"]
[BlackElo "2375"]
[Annotator "Wells,P"]
[PlyCount "55"]
[EventDate "1998.08.??"]
[EventType "swiss"]
[EventRounds "1"]
[EventCountry "HUN"]
[SourceTitle "CBM 066"]
[Source "ChessBase"]
[SourceDate "1998.09.30"]
[SourceVersion "1"]
[SourceVersionDate "1998.09.30"]
[SourceQuality "1"]

1. e4 c5 2. Nf3 g6 3. d4 cxd4 4. Qxd4 Nf6 5. Nc3 $5 (5. Bb5 $6 a6 6. e5 {
is given as +/= by many sources, but this assessment is now blown apart.} axb5
7. exf6 Nc6 8. fxe7 (8. Qe3 e6 $1 $17) 8... Qxe7+ 9. Qe3 b4 $1 $15 {[%csl Ra2,
Rb2,Rc2][%cal Yg7c3,Gb4c3,Gb4a3] McMullan,K - Dzindzichashvili,R/ US Amateur
Team East, Parsippany USA 1998/ 0-1 (47). Black's important ninth move neatly
holds his opponent's queenside pawns, and thus greatly enhances the effect of
the h8-a1 diagonal.}) (5. e5 Nc6 6. Qa4 Nd5 7. Qb3 Nc7 $5 8. Bc4 Ne6 9. Bxe6
dxe6 {also failed to convince me in my pre-game preparation. Black has some
difficulties getting his c8 bishop into play, but if successful it can
spearhead a potential superiority on the light-squares.}) 5... Nc6 6. Qa4 d6 7.
e5 $1 Ng4 (7... dxe5 8. Nxe5 Bd7 (8... Qd4 $5 9. Nxc6 Qxa4 10. Nxa4 bxc6 $14)
9. Nxd7 Nxd7 10. Bb5 {should be at least a safe edge for white, although Krays,
A - Kraidman,Y/ Isr T(ch) 1996 was 0-1 (88).}) 8. exd6 $1 (8. Bf4 Bg7 9. exd6
Qb6 (9... O-O 10. Bg3 exd6 11. O-O-O $14) 10. O-O-O Nxf2 11. Re1 Nxh1 12. Rxe7+
Kf8 13. Bc4 Be6 14. Bxe6 fxe6 15. Bg5 Qb4 (15... Nxe7 16. Qd7 $3 Qb5 (16... Nf5
17. Be7+ Nxe7 18. dxe7+ Kg8 19. Ng5 $3 Bf8 20. e8=Q Qe3+ 21. Kb1 Qe1+ 22. Nd1
Qxd1+ 23. Qxd1 Rxe8 24. Qxh1 $14 {Vydeslaver.})) 16. Qxb4 Nxb4 17. Rxb7 Nc6 18.
Rc7 Nd8 19. Ne4 Nf7 20. Be7+ Ke8 21. Nf6+ Bxf6 22. Bxf6 Rd8 23. Bxd8 Nxd8 24.
Ng5 Nf2 25. Re7+ Kf8 26. Nxh7+ Rxh7 27. Rxh7 Nf7 28. d7 Nd8 29. Rh4 g5 30. Ra4
e5 31. Kd2 e4 32. Ke2 Ng4 {Vydeslaver,A-Fleish,F/Beer Sheva 1993/1-0 (51)})
8... Qxd6 9. Bf4 $1 $146 {One for the collection of obvious enough moves which
turn out to be novelties! The previously played idea is in my view much more
murky.} (9. Nb5 Qb8 (9... Qb4+ 10. Qxb4 Nxb4 11. h3 $1 {Van der Wiel.} Nxc2+
$140 12. Kd1 Nxf2+ 13. Kxc2 Bf5+ 14. Kb3 Rc8 15. Nbd4 $1 $40) 10. Nbd4 Bg7 11.
Bb5 Nge5 12. Bf4 O-O 13. Nxc6 bxc6 14. Bxc6 Qxb2 (14... Nxf3+ $5 15. Bxf3 e5
$44 {-Van der Wiel}) 15. Bxe5 Bxe5 16. O-O Rb8 17. Nxe5 Qxe5 18. Qxa7 $14 Bf5
19. a4 Rbc8 20. Bf3 Rxc2 21. a5 Rfc8 22. Qe3 Qxe3 23. fxe3 Bd3 24. Rfd1 Ba6 25.
Rdb1 R8c7 26. Rb8+ {1/2-1/2 Van der Wiel,J-Piket,J/Wijk aan Zee 1995. Inf 62/
142.}) 9... e5 (9... Qc5 10. O-O-O $1 Nxf2 11. Rd5 $1 Qb6 12. Nb5 $1 $40 Bg7
$140 13. Nc7+ Kf8 14. Rd8+ Nxd8 15. Qe8#) 10. Bg3 {[%csl Re5]} Qb4 $6 (10...
Bg7 $142 11. Rd1 Qb8 $14) 11. Bb5 Qxa4 12. Bxa4 $16 f6 13. h3 Nh6 14. Nd5 Kf7
15. Nxf6 $1 {The theoretical battle is over. The rest is a question of
ensuring that black generates no compensation for the pawn.} Nf5 16. Ne4 (16.
Bh2 $5 b5 $140 17. Bxb5 Ncd4 18. Bxe5 Nxb5 19. Ng5+ Kg7 20. Nfxh7+ Kg8 21. Nf6+
Kg7 22. Nd7+ $18) 16... Nxg3 17. fxg3 Bf5 18. O-O Bxe4 19. Ng5+ Ke8 (19... Ke7
20. Rf7+ Ke8 21. Rxb7 Bd5 22. c4 $18) 20. Nxe4 Be7 21. Nf6+ Bxf6 22. Rxf6 Ke7
23. Raf1 Nd8 24. R6f3 Rc8 25. Re3 Rc5 26. b4 Rc4 27. c3 Kd6 28. Rd1+ (28. Rd1+
Kc7 29. Bb5 $18) 1-0

[Event "Oxford GM-A"]
[Site "Oxford"]
[Date "1998.12.15"]
[Round "2"]
[White "Wells, Peter K"]
[Black "Turner, Matthew"]
[Result "1/2-1/2"]
[WhiteElo "2515"]
[BlackElo "2475"]
[Annotator "Wells,P"]
[PlyCount "66"]
[EventDate "1998.12.14"]
[EventType "tourn"]
[EventRounds "9"]
[EventCountry "ENG"]
[EventCategory "11"]
[SourceTitle "CBM 069"]
[Source "ChessBase"]
[SourceDate "1999.04.01"]
[SourceVersion "1"]
[SourceVersionDate "1999.04.01"]
[SourceQuality "1"]

1. e4 c5 2. Nf3 g6 3. d4 cxd4 4. Qxd4 Nf6 5. Nc3 $5 {My enthusiasm for this
move has already been given a full airing in the notes to Wells - Paschall (
CBM 66 ). Since} (5. Bb5 a6 6. e5 axb5 7. exf6 Nc6 8. fxe7 (8. Qe3 e6 $1 {
[%csl Rf6]}) 8... Qxe7+ 9. Qe3 b4 $1 {[%cal Yg7b2] now looks good for black, I
am still convinced that the text is critical.}) 5... Nc6 6. Qa4 d6 7. e5 dxe5
$1 (7... Ng4 $6 {was Wells - Paschall Koszeg 1998, CBM66 1-0 (28).}) 8. Nxe5
Bd7 ({There are two possible drawbacks to sacrificing a pawn by} 8... Bg7 {
On the one hand the compensation is not clear, on the other white could just
settle for inflicting a pawn weakness and limit black's activity after} 9. Nxc6
bxc6 10. Qxc6+ (10. Be2 $5 {[%csl Rc6][%cal Ye2f3,Yf3c6] makes a lot of
practical sense.}) 10... Bd7 11. Qa6 O-O 12. Be2 $14 (12. Bd3 Qc7 $132 13. O-O
$140 Ng4 $1)) 9. Nxd7 Qxd7 $5 $146 (9... Nxd7 10. Bb5 Bg7 11. O-O O-O 12. Qh4
$6 (12. Rd1 $5 $14) 12... Nd4 13. Bg5 Nf5 (13... Nxb5 $5 14. Nxb5 Qa5 $132) 14.
Qb4 h6 $6 15. Rad1 hxg5 16. Rxd7 Qc8 17. Rfd1 Bxc3 18. bxc3 a6 19. Be2 Rb8 20.
a4 (20. Bg4 $5 $16 {[%csl Re7]} Nh6 21. Bf3) 20... Qc6 21. Bf3 Qf6 22. a5 b6
23. Bb7 bxa5 24. Qxa5 Nd6 25. Bxa6 Ne4 26. Bd3 Nxc3 27. Re1 e6 $13 {0-1 Krays,
A-Kraidman,Y/ISR-chT 1996/CBM 52 ext/[Wells] (88)}) 10. Be3 Bg7 11. Rd1 Qc8 {
We were united in support of this move in the post-mortem, but the reasons for
this are a little obscure. It does offer the vagure possibility of counterplay
through a queen sally to f5, but the more natural alternative} (11... Qc7 $5 {
would have at least connected black's rooks. More important, immediate
attempts to 'exploit' 14...Qc7 would seem to backfire, eg:} 12. Be2 {The most
sensible} (12. Bf4 Qb6 13. Bb5 (13. Nb5 O-O 14. Be2 (14. Be3 Qa6 15. Qxa6 bxa6
16. Nc7 Rab8 17. b3 Nb4 $132 {[%csl Ra2,Rc2,Rc3]}) 14... a6 (14... Rad8) 15.
Be3 Qa5+ 16. Qxa5 Nxa5 17. Nc3 Rac8 {[%cal Yb7b5,Ya5c4,Yg7c3]}) 13... O-O $11)
(12. Nb5 Qe5 13. c3 (13. Nd4 O-O 14. Nxc6 bxc6 {[%csl Rb2][%cal Yf6d5,Ya8b8]})
13... O-O 14. Qf4 Qxf4 15. Bxf4 Rfd8 16. Bd3 Rd7 17. Bc2 Rad8 {[%cal Ya7a6,
Yb7b5,Yf6d5] black is again very active}) 12... O-O 13. O-O Rfd8 {with the
customary slight edge for white.}) 12. Be2 O-O 13. O-O a6 14. Qh4 Rd8 (14... b5
$6 15. Bf3 {[%cal Yf3a8] Around here I began to feel that if black patiently
maintained a solid structure, with the potential for eventual counterplay on
the queenside using his excellent 'Dragon bishop' , and perhaps vague ideas of
...Qc8-f5 at the right moment, then the advantage of the two bishops might
count for less than I had thought.}) ({In fact the active} 14... Qf5 $5 {
is probably best, when white's pull is minimal.} 15. Bd3 Qa5 $132 (15... Qg4 $5
)) 15. Bf3 $5 {This looks a little odd since black will hit this piece but in
fact it makes quite good sense for two reasons: 1) First black has to hand
over control of the d-file. 2) While black's knight will look active on e5, it
will also desert the b4 square, which can be an excellent post for white's
queen.} (15. Bb6 Rxd1 16. Rxd1 Nd7 (16... Qf5 17. Bd3 Qg4 18. Qxg4 Nxg4 19. Na4
$14) 17. Na4 Bxb2 $5 (17... Nce5 $14 18. Qe4 $14) 18. Rxd7 $140 Qxd7 19. Nxb2
Qd2 20. Bf1 Qxc2 $132) (15. Rxd8+ Qxd8 16. Rd1 Qa5 {is nothing special.}) 15...
Rxd1 16. Rxd1 Ne5 17. Be2 Nc6 $5 {Deciding that there is no active way forward
since} (17... Qf5 18. Qb4 $1 {[%csl Gb4,Rb7,Re7] clearly favours white.}) 18.
Na4 $1 {[%cal Yc2c3,Ya4b6,Ya4c5] OK an obvious tactical threat, but the idea
is essentially positional. It is partly about putting the knight on one of the
fairly enticing looking squares b6 or c5. However, also very much in my mind
was the intention either to 'blunt' the Dragon bishop with c2-c3, or in some
cases the simple advance of the queenside majority. This 'blunting' procedure
particularly in the context of positions where white enjoys the bishop pair
was something which made an impression on me at a fairly early age following
Petrosian's striking} Qe6 19. Nb6 $5 {In a strictly analytical sense this is
by no means a bad move. However, since I was running into the ( by no means
unknown problem of 'zeitnot' )} (19. Qc4 Qxc4 20. Bxc4 b5 (20... Ng4 21. Bb6)
21. Nb6 Rd8 22. Rxd8+ Nxd8 23. Be2 $14) 19... Rd8 20. Rxd8+ Nxd8 21. Qa4 ({If} 
21. Bc4 $6 Qg4 22. Qxg4 Nxg4 {[%csl Rb2,Re3][%cal Gg7d4,Gd4f2,Gd4b6] is very
irritating}) ({Likewise} 21. Qc4 Qxc4 22. Bxc4 (22. Nxc4 Nd5 $1) 22... Ng4 $1
$132) 21... Nc6 22. c3 Bh6 $5 {At the very least a good practical decision in
white's impending time-trouble. If black does nothing white is just on the
verge of consolidating his positional gains and black will be heavily tortured.
} 23. Bc4 Qe5 24. Bxh6 Ng4 25. Bd2 $2 $138 (25. Bxf7+ $1 Kh8 $1 (25... Kxf7 26.
Qf4+ {So far so good. This simple liquidation I had seen, but somehow}) 26. Kf1
$1 {[%csl Ye1,Ye2] the quiet king-move was the hardest to spot. This was what
I had overlooked, despite realising that the essence of the problem was to
defend the two key squares e1 and e2.} Nxh6 27. Bd5 $16) 25... Qxh2+ 26. Kf1
Qh1+ 27. Ke2 Qxg2 28. Be3 (28. Be1 Qe4+ 29. Kd2 Qf4+ $1 (29... Nce5 $4 30.
Bxf7+) 30. Kd1 Nxf2+ 31. Bxf2 Qxf2 $44 {[%csl Rb6,Rd1][%cal Yh7h5,Yg6g5]})
28... Nxe3 29. Kxe3 Qg5+ 30. Ke2 Qg4+ 31. Ke3 (31. Kf1 Qh3+ 32. Ke1 Qh1+ 33.
Bf1 Ne5 $132) 31... Qg5+ (31... Ne5 $6 {Sets a nasty trap but after} 32. Bd5 {
black is risking his clear route to a draw.} (32. Be2 $2 Qe6 $17)) 32. Ke2 Qg4+
33. Ke3 $138 {Time-trouble, but I believe that objectively too white's king is
weak enough to give black full compensation ( although of course not more ).}
Qg5+ 1/2-1/2